000
00398nam a2200133Ia 4500
008
151001s9999||||xx |||||||||||||| ||und||
100
_a
मायकेल मॅकमीलन
245
_a
ऐतीहासिक रम्यकथा
250
_a
1
260
_b
मनोविकास प्रकाशन पुणे
260
_c
2011
300
_a
111
365
_b
21
999
_c
997545
_d
997542